Niektoré otázky miery a topológie na logike : Správa k priebežnej oponentúre úlohy I-5-2/07
Saved in:
| Main Authors: | , , , , , |
|---|---|
| Other Authors: | |
| Format: | Book |
| Published: |
Bratislava :
SVŠT v Bratislave EF,
1983
|
| Tags: |
No Tags, Be the first to tag this record!
|
MARC
| LEADER | 00000nam a22000003a 4500 | ||
|---|---|---|---|
| 001 | stu236858 | ||
| 005 | 20150617230208.5 | ||
| 008 | 111020s1986----------------------------d | ||
| 040 | |a STU |b slo | ||
| 041 | 0 | ||
| 100 | 1 | |a Riečanová, Zdena |4 rth | |
| 245 | 1 | |a Niektoré otázky miery a topológie na logike : |b Správa k priebežnej oponentúre úlohy I-5-2/07 | |
| 260 | |a Bratislava : |b SVŠT v Bratislave EF, |c 1983 | ||
| 300 | |a Nestr | ||
| 700 | 1 | |a Kolesárová, A. |4 aut | |
| 700 | 1 | |a Komorníková, Magda, |d 1949- |4 aut |u V220 |U SvF Stavebná fakulta |T SvF Katedra matematiky a deskriptívnej geometrie |X 859 |U V220 |Y 23 |7 A000000859 | |
| 700 | 1 | |a Marinová, Ivica, |d 1955- |4 aut |u E170 |U FEI Fakulta elektrotechniky a informatiky |T FEI Katedra matematiky |X 1947 |U E170 |Y 64 |7 A000001947 | |
| 700 | 1 | |a Olejček, Vladimír, |d 1946- |4 aut |u E050 |U FEI Fakulta elektrotechniky a informatiky |T FEI Ústav informatiky a matematiky |X 2061 |U E050 |Y 816 |7 A000002061 | |
| 700 | 1 | |a Šabo, Michal, |d 1944- |4 aut |u C7270 |U FCHPT Ústav informatizácie, automatizácie a matematiky |T FCHPT Oddelenie matematiky |X 3241 |U C7270 |Y 122 |7 A000003241 | |
| 700 | 1 | |a Volauf, Peter, |d 1949- |4 aut |u E170 |U FEI Fakulta elektrotechniky a informatiky |T FEI Katedra matematiky |X 1981 |U E170 |Y 64 |7 A000001981 | |
| 996 | |b EVYSK-S-301 |c E*VYSK-S-301 |l E |s P |a 0 |w stu236858_0001 | ||